| 000 | 00740nam a22001697a 4500 | ||
|---|---|---|---|
| 999 |
_c62475 _d62475 |
||
| 003 | Ge_BSU | ||
| 005 | 20241115140502.0 | ||
| 008 | 241115s1975 ge ||||| |||| 00| 0 geo d | ||
| 041 | _ageo | ||
| 080 | _a612(479.22)(092) ძ-63 | ||
| 100 |
_aძიძიშვილი, ქუჯი. _923702 |
||
| 245 |
_aქართული ფიზიოლოგიის დედაბოძი : _b[ივანე ბერიტაშვილი] / _c ქუჯი ძიძიშვილი. |
||
| 264 |
_aთბილისი : _b მეცნიერება, _c 1975. |
||
| 300 |
_a95 გვ. : _bილ. 1 ფ. პორტრ. ; _c 22 სმ. |
||
| 653 | _aქართველი ფიზიოლოგები | ||
| 942 |
_2udc _cBK |
||